000 00256nam a2200109Ia 4500
008 200302s9999 xx 000 0 und d
100 _aHan Ji-Myoung & Others ed.,
245 _aHotel Resort
260 _bArchiworld Co. Ltd.
260 _c2011
300 _a393
999 _c3590
_d3590